header

A scientific assessment of alternatives for reducing water management effects on threatened and endangered fishes in California's bay-delta (Record no. 185102)

MARC details
000 -LEADER
fixed length control field 01779nam a2200313Ia 4500
245 02 - TITLE STATEMENT
Title A scientific assessment of alternatives for reducing water management effects on threatened and endangered fishes in California's bay-delta
260 ## - PUBLICATION, DISTRIBUTION, ETC. (IMPRINT)
Place of publication Washington, D.C. :
Name of publisher National Academies Press,
Year of publication c2010.
300 ## - PHYSICAL DESCRIPTION
Number of Pages xiii, 93 p. :
Other physical details ill., map.
650 #0 - SUBJECT ADDED ENTRY--TOPICAL TERM
Topical Term Fishes
Topical Term Rare fishes
Topical Term Estuarine ecology
856 40 - ELECTRONIC LOCATION AND ACCESS
Uniform Resource Identifier http://site.ebrary.com/lib/rucke/Doc?id=10405116

No items available.

© 2026 Rongo University
Contact us: librarian | system librarian | Rongo university